MEDICINAL CHEMISTRY (Record no. 22929)

MARC details
000 -LEADER
fixed length control field 00323nam a22001457a 4500
003 - CONTROL NUMBER IDENTIFIER
control field SGT
020 ## - INTERNATIONAL STANDARD BOOK NUMBER
International Standard Book Number 9781682860168
082 ## - DEWEY DECIMAL CLASSIFICATION NUMBER
Classification number 615.19
Item number M16H
100 ## - MAIN ENTRY--PERSONAL NAME
Personal name HALDANE, THOMAS,ed.
245 ## - TITLE STATEMENT
Title MEDICINAL CHEMISTRY
260 ## - PUBLICATION, DISTRIBUTION, ETC. (IMPRINT)
Place of publication, distribution, etc NEW YORK
Name of publisher, distributor, etc SYRAWOOD
Year of Publication 2016
300 ## - PAGE DESCRIPTION
No. of Pages 177
650 ## - SUBJECT ADDED ENTRY--TOPICAL TERM
Topical term or geographic name as entry element MEDICINAL CHEMISTRY
942 ## - ADDED ENTRY ELEMENTS (KOHA)
Source of classification or shelving scheme Dewey Decimal Classification
Koha item type Books
Holdings
Withdrawn status Lost status Source of classification or shelving scheme Damaged status Use restrictions Not for loan Collection code Home library Current library Shelving location Date acquired Vendor Name Cost, normal purchase price SGTU Bill Number Full call number Accession No. (Barcode) Date last seen Bill Date Koha item type
    Dewey Decimal Classification   Restricted Access   PHARMACY SGT FA-FP Library SGT FA-FP Library Reference Book 25/06/2022 AHUJA PUBLICATION 11199.00 SGTU 14474 615.19 M16H FP4276 25/06/2022 19/05/2022 Books